000 00860nam a2200253Ia 4500
003 OSt
005 20221005103000.0
006 a|||||r|||| 00| 0
007 ta
008 221004b |||||||| |||| 00| 0 hin d
024 _a32064
037 _cTextual
040 _aCRL
_cCRL
_bhin
041 _2hin
_ahin
082 _aO152xM89:g, L2
100 _aवाजपेयी, नन्ददुलारे
245 0 _aजयशंकर प्रसाद
246 _aJayashankar prasāda
260 _aइलाहाबाद
_bभारती भंडार लीडर प्रेस भारत
_c1976
300 _a184पृ.
_ccm.
650 _aहिन्दी साहित्य
942 _hO152xM89:g, L2
_cTEXL
_2cc
999 _c1009220
_d1009220